Statystyki dla Reprezentacje EURO 2008

Kliknij tutaj aby rozwiązać quiz!

Ogólne statystyki

  • Ten quiz został rozwiązany 49 razy
  • Średni wynik to 15 z 16

Statystyki odpowiedzi

Grupa:Reprezentacja:% Poprawnych
BAustria
97%
BNiemcy
97%
BPolska
97%
DRosja
97%
BChorwacja
95%
DHiszpania
95%
CHolandia
95%
APortugalia
95%
ASzwajcaria
95%
DSzwecja
95%
CWłochy
95%
CFrancja
92%
ACzechy
87%
DGrecja
87%
ATurcja
82%
CRumunia
56%

Rozkład punktacji

Percentyl według liczby udzielonych odpowiedzi

Procent ludzi z każdym wynikiem

Twoja historia wyników

Nie rozwiązałeś tego quizu